000 01697cam a22003615i 4500
999 _c27835
_d27806
001 14191616
003 EG-ScBUE
005 20191223151328.0
008 051207r20051997enk f d 000 0 eng d
020 _a9780198610502 (pbk.)
020 _a0198610505 (pbk.)
040 _aDLC
_beng
_erda
_cDLC
_dDLC
_dEG-ScBUE
082 0 4 _a410.3
_bMAT
_222
100 1 _aMatthews, P. H.
_q(Peter Hugoe)
_eauthor.
_939753
245 1 4 _aThe concise Oxford dictionary of linguistics /
_cP. H. Matthews.
246 1 4 _aOxford concise dictionary of linguistics
250 _aReissued edition.
264 1 _aOxford ;
_aNew York :
_bOxford University Press,
_c2005.
300 _axii, 410 pages ;
_c20 cm.
336 _atext
_btxt
_2rdacontent
337 _aunmediated
_bn
_2rdamedia
338 _avolume
_bnc
_2rdacarrier
490 0 _aOxford paperback reference
500 _aFirst edition published 1997.
520 _aA dictionary of linguistics, which contains over 3,000 entries ranging from epiglottal and morpheme to Austronesian and Navajo. Entries cover various aspects of linguistics including language theory and history, language families and major languages from all over the world, and key figures and ideas in linguistics.
650 7 _aLinguistics
_vDictionaries.
_2BUEsh
_937275
653 _bHHUUEENN
_cNovember2019
655 _vReading book
856 4 2 _3Publisher description
_uhttp://www.loc.gov/catdir/enhancements/fy0639/2005284208-d.html
856 4 1 _3Table of contents only
_uhttp://www.loc.gov/catdir/enhancements/fy0639/2005284208-t.html
856 4 2 _3Contributor biographical information
_uhttp://www.loc.gov/catdir/enhancements/fy0725/2005284208-b.html
942 _2ddc
_cREFERENCE